000
00241nam a2200097Ia 4500
001
1091087
005
20250827002852.0
008
250824s9999 xx 000 0 und d
245
0
_a
YALNIZ EFE
_c
ÖMER SEYFETTİN
260
_b
AKVARYUM YAYINLARI
999
_c
1091087
_d
1091087